Tầm nguyên từ điển Cổ văn - học, từ ngữ tầm nguyên
Bewaard in:
| Hoofdauteur: | |
|---|---|
| Formaat: | Boek |
| Gepubliceerd in: |
Hà Nội
Khai trí
1968
|
| Editie: | In lần thứ 2 |
| Onderwerpen: | |
| Tags: |
Voeg label toe
Geen labels, Wees de eerste die dit record labelt!
|
| Thư viện lưu trữ: | Trung tâm Học liệu Lê Vũ Hùng, Trường Đại học Đồng Tháp |
|---|
| LEADER | 00737pam a22002298a 4500 | ||
|---|---|---|---|
| 001 | 00042522 | ||
| 005 | 20181003081059.0 | ||
| 008 | 170328s1999 ||||||Viesd | ||
| 041 | 0 | # | |a Vie |
| 082 | 1 | 4 | |a 495.170 3 |b T120NG |
| 100 | 1 | # | |a Bửu Kế |
| 245 | 0 | 0 | |c Bửu Kế |a Tầm nguyên từ điển |b Cổ văn - học, từ ngữ tầm nguyên |
| 250 | # | # | |a In lần thứ 2 |
| 260 | # | # | |a Hà Nội |b Khai trí |c 1968 |
| 300 | # | # | |a 667 tr. |c 21 cm. |
| 653 | # | # | |a Giải nghĩa |
| 653 | # | # | |a Ngôn từ |
| 653 | # | # | |a Tiếng Hán |
| 653 | # | # | |a Tiếng việt |
| 852 | # | # | |j KD.0024286 |
| 910 | |d 03/10/2018 | ||
| 980 | # | # | |a Trung tâm Học liệu Lê Vũ Hùng, Trường Đại học Đồng Tháp |